טוען...
Cellular mechanisms of chromosome distribution
| מחבר ראשי: | |
|---|---|
| פורמט: | Printed Book |
| שפה: | English |
| LEADER | 00323nam a2200097Ia 4500 | ||
|---|---|---|---|
| 008 | 210227s9999||||xx |||||||||||||| ||eng|| | ||
| 100 | |a Luykx, Peter | ||
| 245 | 0 | |a Cellular mechanisms of chromosome distribution | |
| 942 | |c BK | ||
| 999 | |c 356072 |d 356072 | ||
| 952 | |0 0 |1 0 |4 0 |7 0 |9 413230 |a BOT |b BOT |c ST1 |d 2021-03-01 |l 0 |p BOT2879 |r 2021-03-01 |w 2021-03-01 |y BK | ||